Statistics for Emmy Winners for Best Actor in a Limited/Anthology Series or Movie

Click here to take the quiz!

General Stats

  • This quiz has been taken 14 times
  • The average score is 13 of 45

Answer Stats

YearProgramActor% Correct
2008John AdamsPaul Giamatti
77%
2022DopesickMichael Keaton
69%
2004Angels in AmericaAl Pacino
62%
2010You Don't Know JackAl Pacino
62%
2014Sherlock: His Last VowBenedict Cumberbatch
62%
2013Behind the CandelabraMichael Douglas
62%
2023BeefSteven Yeun
62%
2018The Assassination of Gianni VersaceDarren Criss
54%
2020I Know This Much Is TrueMark Ruffalo
54%
2017The Night OfRiz Ahmed
54%
2021HalstonEwan McGregor
46%
2016The People v. O.J. SimpsonCourtney B. Vance
38%
2005The Life and Death of Peter SellersGeoffrey Rush
38%
2012Hatfields & McCoysKevin Costner
38%
2015Olive KitteridgeRichard Jenkins
38%
1996Rasputin: Dark Servant of DestinyAlan Rickman
31%
1986Death of a SalesmanDustin Hoffman
31%
2019When They See UsJharrel Jerome
31%
2003Door to DoorWilliam H. Macy
31%
1998George WallaceGary Sinise
23%
1984King LearLaurence Olivier
23%
2007Broken TrailRobert Duvall
23%
1999WinchellStanley Tucci
23%
1983The Executioner's SongTommy Lee Jones
23%
2002The Gathering StormAlbert Finney
15%
2006ThiefAndre Braugher
15%
1981The BunkerAnthony Hopkins
15%
1997GottiArmand Assante
15%
2011The KennedysBarry Pepper
15%
1992Without Warning: The James Brady StoryBeau Bridges
15%
2000Tuesdays with MorrieJack Lemmon
15%
1988Inherit the WindJason Robards
15%
1991Summer's LeaseJohn Gielgud
15%
2001ConspiracyKenneth Branagh
15%
1982BillMickey Rooney
15%
1979The Jericho MilePeter Strauss
15%
1980Guyana Tragedy: The Story of Jim JonesPowers Boothe
15%
1995The Burning SeasonRaul Julia
15%
1993TruRobert Morse
15%
2009Into the StormBrendan Gleeson
8%
1990Age-Old FriendsHume Cronyn
8%
1994To Dance with the White DogHume Cronyn
8%
1989My Name is Bill W.James Woods
8%
1987PromiseJames Woods
8%
1985The Rape of Richard BeckRichard Crenna
8%

Score Distribution

Percentile by Number Answered

Percent of People with Each Score

Your Score History

You have not taken this quiz